Historia del movimiento obrero en América Latina : Colombia, Venezuela, Ecuador, Perú, Bolivia, Paraguay /

שמור ב:
מידע ביבליוגרפי
מחבר ראשי: González Casanova, Pablo (coord.)
מחברים אחרים: Valencia, Enrique
פורמט: ספר
שפה:ספרדית
יצא לאור: México : Siglo XXI, 1984, c1984
סדרה:(Historia)
נושאים:
תגים: הוספת תג
אין תגיות, היה/י הראשונ/ה לתייג את הרשומה!

MARC

LEADER 00000nam^a2200000^a^4500
001 000291250
005 20250521000000.0
009 20260526134958.701
020 |a 968-23-1232-9 
037 |a Acervo ITESO - Biblioteca 
041 |a ESP 
082 |a 322. 2  |b GON V. 3 
100 |a González Casanova, Pablo  |e (coord.) 
240 1 1 |a [Historia del movimiento obrero en América Latina] 
245 1 0 |a Historia del movimiento obrero en América Latina :  |b Colombia, Venezuela, Ecuador, Perú, Bolivia, Paraguay /  |c Coord. de P. González Casanova ; E. Valencia... [et al.]. 
264 4 |a México :  |b Siglo XXI,  |c 1984, c1984 
300 |a 421 p. 
336 |a texto  |b txt  |2 rdacontenido 
337 |a sin mediación  |b n  |2 rdamedio 
338 |a volumen  |b nc  |2 rdasoporte 
440 1 |a (Historia) 
649 |a XX 
650 |a Sindicalismo -  |z Colombia 
650 |a Sindicalismo -  |z Venezuela 
650 |a Sindicalismo -  |z Ecuador 
650 |a Sindicalismo -  |z Perú 
650 |a Sindicalismo -  |z Bolivia 
650 |a Sindicalismo -  |z Paraguay 
650 |a Sindicalismo -  |z Latinoamérica -  |x Tema Principal 
650 |a Movimientos Obreros -  |z Latinoamérica -  |x Tema Principal 
650 |a Movimientos Sociales -  |z Latinoamérica 
650 |a Política -  |z Latinoamérica -  |x Historia 
650 |a Sociología Política 
650 |a Colombia -  |x Condiciones Políticas 
650 |a Venezuela -  |x Condiciones Políticas 
650 |a Ecuador -  |x Condiciones Políticas 
650 |a Perú -  |x Condiciones Políticas 
650 |a Bolivia -  |x Condiciones Políticas 
650 |a Paraguay -  |x Condiciones Políticas 
650 |a Latinoamérica -  |x Condiciones Políticas 
700 |a Valencia, Enrique 
910 |a Fondo General 
920 |a Impresos - Libros 
930 |a Colección General 
905 |a 101 
901 |a 0500019036  |b IT1  |c ACC  |u 20250521 
902 |a https://opac.biblio.iteso.mx/vufind/Record/000291250